[Event "Niedersachsen-ch op B"]
[Site "Verden"]
[Date "2019.01.03"]
[Round "1"]
[White "Gruening, Christopher"]
[Black "Lapehn, Klaus"]
[Result "1-0"]
[WhiteElo "1841"]
[BlackElo "1627"]
[PlyCount "99"]
[EventDate "2019.01.03"]
[EventType "swiss"]
[EventRounds "7"]
[EventCountry "GER"]
[SourceTitle "EXT 2022"]
[Source "ChessBase"]
[SourceDate "2021.10.06"]
[SourceVersion "1"]
[SourceVersionDate "2021.10.06"]
[SourceQuality "1"]

1. f4 Nf6 2. Nf3 d5 3. c4 c6 4. e3 g6 5. Nc3 Bg7 6. Qb3 0-0 7. d4 e6 8. Bd3 Nbd7 9. 0-0 b6 10. cxd5 cxd5 11. Bd2 a6 12. Rfc1 Bb7 13. a4 Rc8 14. Qa3 Re8 15. b4 Bf8 16. Qb2 Qe7 17. b5 a5 18. Ne5 Nxe5 19. fxe5 Ng4 20. h3 Nh6 21. Ne2 Qh4 22. Rxc8 Rxc8 23. Rc1 Qd8 24. Nf4 Qd7 25. Rc2 Be7 26. Qc1 Kg7 27. Rxc8 Qxc8 28. Qxc8 Bxc8 29. Kf2 Bb7 30. g4 Ng8 31. Kf3 Bd8 32. e4 h6 33. exd5 exd5 34. Bc2 g5 35. Nh5+ Kf8 36. Ng3 Ke7 37. Nf5+ Kf8 38. Nd6 Ba8 39. Bc1 f6 40. Ba3 fxe5 41. dxe5 Bc7 42. Ke3 Ke7 43. Kd4 Kd8 44. Bh7 Ne7 45. Nf7+ Kd7 46. Nxh6 Ke6 47. Bf5+ Nxf5+ 48. gxf5+ Kd7 49. e6+ Ke8 50. f6 1-0